Najpopularniejsze gry na Roblox - Statystyki

Ogólne statystyki
  • Ten quiz został rozwiązany 1 989 razy
  • Średni wynik to 3 z 13
Statystyki odpowiedzi
Liczba wizyt (w bilionach) Gra % Poprawnych
20,8 Adopt Me!
78%
4,8 Jailbreak
55%
4,2 Brookhaven
49%
9,4 MeepCity
44%
4,5 Murder Mystery 2
29%
7,8 Piggy
22%
10,5 Tower of Hell
18%
2,4 Arsenal
16%
4,1 Welcome to Bloxburg
11%
1,4 Natural Disaster Survival
7%
1,3 Bee Swarm Simulator
6%
5,6 Royale High
6%
1,4 Build a Boat For Treasure
4%
Nie znaleziono quizów pasujących do podanych kryteriów
Rozkład punktacji
Procent ludzi z każdym wynikiem
Percentyl według liczby udzielonych odpowiedzi
Twoja historia wyników
Nie rozwiązałeś tego quizu